| 000 | 00504nam a2200205Ia 4500 | ||
|---|---|---|---|
| 008 | 170918s9999 xx 000 0 und d | ||
| 020 | _a9780590273664 | ||
| 050 | _bM672 1994 | ||
| 100 | _aMiranda, Anne | ||
| 245 | _aLet's get the rhythm : | ||
| 245 | _ba chant / | ||
| 245 | _cAnne Miranda ; pictures by Nancy Carpenter. | ||
| 260 | _aNew York : | ||
| 260 | _bScholastic, | ||
| 260 | _c1994 | ||
| 300 | _a16 pages : | ||
| 300 | _bcolored illustration ; | ||
| 300 | _c24cm. | ||
| 500 | _aBR | ||
| 999 |
_c340974 _d340974 |
||